Tecnicas de investigación aplicadas a las ciencias sociales / Padua Jorge [et al.] (Registro nro. 14066)
[ vista simple ]
| 000 -LÍDER | |
|---|---|
| fixed length control field | 00571nam a2200169 4500 |
| 008 - ELEMENTOS DE LONGITUD FIJA -- INFORMACIÓN GENERAL | |
| fixed length control field | 0 1987 0a 000 0MEX |
| 020 ## - NÚMERO INTERNACIONAL NORMALIZADO PARA LIBROS | |
| ISBN | 968-16-0288-9 |
| 050 ## - SIGNATURA TOPOGRAFICA DE LA BIBLIOTECA DEL CONGRESO (LC) | |
| Número de Clasificación | Q180 A1 T43 |
| 082 ## - NUMERO DE CLASIFICACION DECIMAL DEWEY | |
| Número de Clasificación | 300.18 P515t |
| 100 ## - ASIENTO PRINCIPAL--NOMBRE PERSONAL | |
| Nombre personal | Padua Jorge. |
| 245 ## - TÍTULO | |
| Título | Tecnicas de investigación aplicadas a las ciencias sociales / Padua Jorge [et al.] |
| 260 ## - PUBLICACIÓN, DISTRIBUCIÓN, ETC. (PIE DE IMPRENTA) | |
| Lugar de publicación, distribución, etc. | México : Fondo de cultura económica |
| 300 ## - DESCRIPCIÓN FÍSICA | |
| Extensión | 354 p. il. / 24 cm. |
| 500 ## - NOTA GENERAL | |
| Nota general | Incluye, índice. |
| 650 ## - ASIENTO SECUNDARIO DE MATERIA - TERMINO TEMÁTICO | |
| Término temático o nombre geográfico como elemento de entrada | 1.- INVESTIGACION - METODOLOGICA |
| 700 ## - ASIENTO SECUNDARIO - NOMBRE PERSONAL | |
| Nombre personal | Ahman Ingvar\ Apezechea Hector \ Borsotti Carlos. |
| No. biblioteca | No. biblioteca | Número de clasificación | Código de barras/Número de adquisición | Número de copia | Tipo de material |
|---|---|---|---|---|---|
| LUIS G. INCLAN | LUIS G. INCLAN | 300.18 P515t | 761 | 3 | Libros |
